000 01741nam a2200253Ia 4500
008 260220t1948||||xx |||||||||||||| ||spa||
040 _aPY-SlUNAC
_bspa
_erda
041 _aspa
082 _a513
_bK672a
100 _aKlein, Felit
_eAutor
245 0 _aAritmética y algebra /
_cpor Felit Klein [Autor]
250 _aSegunda edición
264 _aBuenos Aires :
_bIberoamericana,
_c℗1948.
300 _a1 volumen
520 _aEn "Aritmética y álgebra", Felit Klein presenta una obra fundamental que aborda los conceptos básicos y avanzados de las matemáticas, enfocándose en la aritmética y el álgebra como pilares esenciales para el desarrollo del pensamiento lógico y crítico. A lo largo de sus capítulos, Klein desglosa los principios fundamentales de estas disciplinas, proporcionando una explicación clara y accesible que facilita la comprensión de los temas tratados. El autor utiliza ejemplos prácticos y ejercicios que permiten a los estudiantes aplicar los conocimientos adquiridos, fomentando así un aprendizaje activo. Además, Klein enfatiza la interconexión entre la aritmética y el álgebra, mostrando cómo estos campos se complementan y enriquecen mutuamente. La obra, que se sitúa en el contexto educativo de mediados del siglo XX en Buenos Aires, se convierte en un recurso valioso para educadores y estudiantes, al ofrecer un enfoque didáctico que promueve no solo la memorización, sino también la comprensión profunda de las matemáticas.
653 _aÁlgebra
653 _aAritmética
653 _aMatemáticas
942 _b2026/02/17
_cBK
999 _c7511
_d7511